[Event "IND-ch U25 26th"]
[Site "Port Blair"]
[Date "2017.07.16"]
[Round "5"]
[White "Sounak, De"]
[Black "Shivam, Chandak"]
[Result "0-1"]
[WhiteElo "1741"]
[BlackElo "1949"]
[PlyCount "74"]
[EventDate "2017.07.13"]
[EventType "swiss"]
[EventRounds "9"]
[EventCountry "IND"]
[SourceTitle "EXT 2018"]
[Source "ChessBase"]
[SourceDate "2017.10.13"]
[SourceVersion "1"]
[SourceVersionDate "2017.10.13"]
[SourceQuality "1"]

1. e4 c5 2. Nf3 e6 3. b3 Nf6 4. Nc3 d6 5. Bb5+ Nbd7 6. 0-0 a6 7. Bxd7+ Nxd7 8. Re1 Be7 9. Bb2 Bf6 10. Na4 b5 11. Bxf6 Qxf6 12. Nc3 Bb7 13. e5 dxe5 14. Ne4 Qe7 15. Qe2 f5 16. Ng3 e4 17. Qe3 0-0 18. Qg5 Qf7 19. Nh4 Qf6 20. Qxf6 Rxf6 21. d3 g5 22. dxe4 gxh4 23. Nh5 Rh6 24. exf5 Rxh5 25. Rad1 Nf8 26. fxe6 Re8 27. f4 Rxe6 28. Rxe6 Nxe6 29. Rd6 Nf8 30. g4 Rd5 31. Rb6 Rd1+ 32. Kf2 Be4 33. f5 Bxc2 34. Ke3 Rh1 35. Kf4 Rxh2 36. Kg5 h3 37. Rb7 Rd2 0-1

[Event "IND-ch U15 39th"]
[Site "Kolkata"]
[Date "2013.08.06"]
[Round "1"]
[White "Sounak, De"]
[Black "Krishna Teja, N."]
[Result "0-1"]
[WhiteElo "1600"]
[BlackElo "2188"]
[PlyCount "100"]
[EventDate "2013.08.06"]
[EventType "swiss"]
[EventRounds "11"]
[EventCountry "IND"]
[SourceTitle "CBM 155 Extra"]
[Source "ChessBase"]
[SourceDate "2013.08.26"]
[SourceVersion "1"]
[SourceVersionDate "2013.08.26"]
[SourceQuality "1"]

1. e4 c5 2. Nf3 e6 3. d4 cxd4 4. Nxd4 a6 5. Nc3 Qc7 6. Be3 Nf6 7. f3 Bb4 8. Bd2 0-0 9. a3 Be7 10. Be3 b5 11. Be2 Bb7 12. 0-0 Bd6 13. f4 Nxe4 14. Nxe4 Bxe4 15. Bf3 Bxf3 16. Qxf3 Nc6 17. c3 Bc5 18. Nxc6 Qxc6 19. f5 Rac8 20. Kh1 Bxe3 21. Qxe3 Qc5 22. Qd3 Qe7 23. Rad1 d5 24. Qg3 Kh8 25. Qe3 Rcd8 26. Rde1 Qf6 27. fxe6 Qxe6 28. Qc5 Qg6 29. Re5 Qd3 30. Ref5 d4 31. cxd4 Qxd4 32. Qxd4 Rxd4 33. Kg1 f6 34. Rc5 Rd6 35. Rfc1 h6 36. Rc6 Rfd8 37. Kf1 Rd2 38. b4 Ra2 39. R6c3 Rdd2 40. Rg3 Kh7 41. h4 Rd4 42. Kg1 Rf4 43. h5 Rf5 44. Rcc3 Ra1+ 45. Kh2 Rxh5+ 46. Rh3 Rxh3+ 47. Kxh3 h5 48. Kg3 g5 49. Kh2 h4 50. Rc6 Kg6 0-1